| 000 | 00444nam a2200181Ia 4500 | ||
|---|---|---|---|
| 001 | 14208 | ||
| 005 | 20260306164857.0 | ||
| 008 | 260306t2009||||xx |||||||||||||| ||spa|| | ||
| 041 | _aESP | ||
| 082 |
_a510.0711 _bA78 2009 |
||
| 100 |
_aArya, Jagdish C. _eAUT |
||
| 245 | 0 |
_aMatemáticas Aplicadas: _ba la administración y a la economía |
|
| 260 | _c2009 | ||
| 300 |
_a _c |
||
| 650 | _aGEN | ||
| 654 | _aCMA | ||
| 942 |
_cLIB _dJUS _fJUS _2ddc _n |
||
| 999 |
_c14208 _d14208 |
||